<?xml version="1.0" encoding="UTF-8"?>
<collection xmlns="http://www.loc.gov/MARC21/slim">
 <record>
  <leader>03253cam a2200601   4500</leader>
  <controlfield tag="001">77597451X</controlfield>
  <controlfield tag="003">DE-627</controlfield>
  <controlfield tag="005">20230824153643.0</controlfield>
  <controlfield tag="007">tu</controlfield>
  <controlfield tag="008">140109s2014    sz |||||      00| ||ger c</controlfield>
  <datafield tag="015" ind1=" " ind2=" ">
   <subfield code="a">14,N02</subfield>
   <subfield code="2">dnb</subfield>
  </datafield>
  <datafield tag="016" ind1="7" ind2=" ">
   <subfield code="a">1045974919</subfield>
   <subfield code="2">DE-101</subfield>
  </datafield>
  <datafield tag="020" ind1=" " ind2=" ">
   <subfield code="a">9783037346549</subfield>
   <subfield code="c">Pb. : EUR 17.95 (DE), EUR 18.50 (AT), sfr 22.50 (freier Pr.)</subfield>
   <subfield code="9">978-3-03734-654-9</subfield>
  </datafield>
  <datafield tag="020" ind1=" " ind2=" ">
   <subfield code="a">303734654X</subfield>
   <subfield code="9">3-03734-654-X</subfield>
  </datafield>
  <datafield tag="024" ind1="3" ind2=" ">
   <subfield code="a">9783037346549</subfield>
  </datafield>
  <datafield tag="035" ind1=" " ind2=" ">
   <subfield code="a">(DE-627)77597451X</subfield>
  </datafield>
  <datafield tag="035" ind1=" " ind2=" ">
   <subfield code="a">(DE-576)402383729</subfield>
  </datafield>
  <datafield tag="035" ind1=" " ind2=" ">
   <subfield code="a">(DE-599)DNB1045974919</subfield>
  </datafield>
  <datafield tag="035" ind1=" " ind2=" ">
   <subfield code="a">(OCoLC)889726373</subfield>
  </datafield>
  <datafield tag="035" ind1=" " ind2=" ">
   <subfield code="a">(OCoLC)867876433</subfield>
  </datafield>
  <datafield tag="035" ind1=" " ind2=" ">
   <subfield code="a">(DE-Rt5)3919788</subfield>
  </datafield>
  <datafield tag="040" ind1=" " ind2=" ">
   <subfield code="a">DE-627</subfield>
   <subfield code="b">ger</subfield>
   <subfield code="c">DE-627</subfield>
   <subfield code="e">rakwb</subfield>
  </datafield>
  <datafield tag="041" ind1=" " ind2=" ">
   <subfield code="a">ger</subfield>
   <subfield code="h">eng</subfield>
  </datafield>
  <datafield tag="044" ind1=" " ind2=" ">
   <subfield code="c">XA-CH</subfield>
   <subfield code="c">XA-DE</subfield>
  </datafield>
  <datafield tag="082" ind1="0" ind2=" ">
   <subfield code="a">800</subfield>
  </datafield>
  <datafield tag="082" ind1="0" ind2=" ">
   <subfield code="a">B</subfield>
  </datafield>
  <datafield tag="082" ind1="0" ind2="4">
   <subfield code="a">810</subfield>
   <subfield code="a">B</subfield>
   <subfield code="q">DNB</subfield>
  </datafield>
  <datafield tag="084" ind1=" " ind2=" ">
   <subfield code="a">Zba</subfield>
   <subfield code="2">asb</subfield>
  </datafield>
  <datafield tag="084" ind1=" " ind2=" ">
   <subfield code="a">ZAA</subfield>
   <subfield code="2">ssd</subfield>
  </datafield>
  <datafield tag="084" ind1=" " ind2=" ">
   <subfield code="a">S</subfield>
   <subfield code="2">sfb</subfield>
  </datafield>
  <datafield tag="084" ind1=" " ind2=" ">
   <subfield code="a">R 11</subfield>
   <subfield code="2">kab</subfield>
  </datafield>
  <datafield tag="084" ind1=" " ind2=" ">
   <subfield code="a">810</subfield>
   <subfield code="a">B</subfield>
   <subfield code="2">sdnb</subfield>
  </datafield>
  <datafield tag="084" ind1=" " ind2=" ">
   <subfield code="a">HU 9800</subfield>
   <subfield code="q">DE-24/20sred</subfield>
   <subfield code="2">rvk</subfield>
   <subfield code="0">(DE-625)rvk/54407:</subfield>
  </datafield>
  <datafield tag="100" ind1="1" ind2=" ">
   <subfield code="a">Larson, Nathan D.</subfield>
   <subfield code="0">(DE-627)1320695361</subfield>
   <subfield code="0">(DE-576)250695367</subfield>
   <subfield code="4">aut</subfield>
  </datafield>
  <datafield tag="240" ind1="1" ind2="4">
   <subfield code="a">The dewey decimal system &lt;dt.&gt;</subfield>
  </datafield>
  <datafield tag="245" ind1="1" ind2="0">
   <subfield code="a">2/14</subfield>
   <subfield code="b">ein Dewey-Decimal-Roman</subfield>
   <subfield code="c">Nathan Larson. Aus dem amerikan. Engl. von Andrea Stumpf</subfield>
  </datafield>
  <datafield tag="246" ind1="3" ind2="3">
   <subfield code="a">zwei/vierzehn</subfield>
  </datafield>
  <datafield tag="250" ind1=" " ind2=" ">
   <subfield code="a">1. Aufl.</subfield>
  </datafield>
  <datafield tag="264" ind1=" " ind2="1">
   <subfield code="a">Zürich</subfield>
   <subfield code="b">Diaphanes</subfield>
   <subfield code="c">2014</subfield>
  </datafield>
  <datafield tag="300" ind1=" " ind2=" ">
   <subfield code="a">255 S.</subfield>
   <subfield code="c">210 mm x 135 mm</subfield>
  </datafield>
  <datafield tag="336" ind1=" " ind2=" ">
   <subfield code="a">Text</subfield>
   <subfield code="b">txt</subfield>
   <subfield code="2">rdacontent</subfield>
  </datafield>
  <datafield tag="337" ind1=" " ind2=" ">
   <subfield code="a">ohne Hilfsmittel zu benutzen</subfield>
   <subfield code="b">n</subfield>
   <subfield code="2">rdamedia</subfield>
  </datafield>
  <datafield tag="338" ind1=" " ind2=" ">
   <subfield code="a">Band</subfield>
   <subfield code="b">nc</subfield>
   <subfield code="2">rdacarrier</subfield>
  </datafield>
  <datafield tag="490" ind1="0" ind2=" ">
   <subfield code="a">Penser Pulp</subfield>
  </datafield>
  <datafield tag="520" ind1=" " ind2=" ">
   <subfield code="a">Über einen Romanhelden, der Dewey Decimal heisst und in der New York Public Library arbeitet, freut sich jeder Bibliothekar. Allerdings ist es ein N.Y. nach der Apokalypse eines 14. Februars, die Stadt (vielleicht auch die Welt) liegt in Schutt und Asche, und nur 10% der Bevölkerung haben überlebt. Dewey (ehemaliger Soldat, ziemlich zwanghaft und drogenabhängig) wird von einem korrupten Chef der Stadtverwaltung beauftragt, den Boss einer osteuropäischen Gang zu liquidieren. Nun zieht er auf der Suche nach dem Killer durch die verwüstete Stadt, bekommt verschiedene Mordaufträge, muss einiges einstecken, hinterlässt einige Leichen und trifft natürlich eine schöne geheimnisvolle Frau. Nathan Larson, amerikanischer Musiker, hat seine Dewey-Decimal-Romane auf 3 Bände angelegt, und man darf auf die Fortsetzung dieser Mischung aus Privatdetektivroman, SF und Politthriller und wie es in der Welt nach den Anschlägen von &quot;2/14&quot; weitergeht, gespannt sein. Im Anhang gibt es ein lesenswertes Nachwort über diesen neuen &quot;Noir Krimi&quot; vom Herausgeber Thomas Wörtche</subfield>
  </datafield>
  <datafield tag="700" ind1="1" ind2=" ">
   <subfield code="a">Stumpf, Andrea</subfield>
   <subfield code="e">Übers.</subfield>
   <subfield code="0">(DE-588)136924638</subfield>
   <subfield code="0">(DE-627)588340057</subfield>
   <subfield code="0">(DE-576)301347387</subfield>
   <subfield code="4">trl</subfield>
  </datafield>
  <datafield tag="700" ind1="1" ind2="2">
   <subfield code="a">Larson, Nathan D.</subfield>
   <subfield code="t">The dewey decimal system &lt;dt.&gt;</subfield>
  </datafield>
  <datafield tag="787" ind1="0" ind2="8">
   <subfield code="i">Rezensiert in</subfield>
   <subfield code="a">Gegenmantel, Antje</subfield>
   <subfield code="t">Ein Bibliothekar in fremder und eigener Mission als Detektiv in New York</subfield>
   <subfield code="d">Düsseldorf : AKMB, 2015</subfield>
   <subfield code="w">(DE-627)1552420183</subfield>
   <subfield code="w">(DE-576)482420189</subfield>
  </datafield>
  <datafield tag="935" ind1=" " ind2=" ">
   <subfield code="i">Blocktest</subfield>
  </datafield>
  <datafield tag="936" ind1="r" ind2="v">
   <subfield code="a">HU 9800</subfield>
   <subfield code="b">Sonstige</subfield>
   <subfield code="k">Amerikanische Literatur</subfield>
   <subfield code="k">20. Jahrhundert</subfield>
   <subfield code="k">Literaturgeschichte</subfield>
   <subfield code="k">Sonstige</subfield>
   <subfield code="0">(DE-627)1270708627</subfield>
   <subfield code="0">(DE-625)rvk/54407:</subfield>
   <subfield code="0">(DE-576)200708627</subfield>
  </datafield>
  <datafield tag="951" ind1=" " ind2=" ">
   <subfield code="a">BO</subfield>
  </datafield>
  <datafield tag="991" ind1=" " ind2=" ">
   <subfield code="a">Rezensiertes Werk</subfield>
  </datafield>
  <datafield tag="999" ind1=" " ind2=" ">
   <subfield code="a">KXP-PPN77597451X</subfield>
   <subfield code="e">4151661093</subfield>
  </datafield>
 </record>
</collection>
